000 00536nam a2200181Ia 4500
008 240925s9999 xx 000 0 und d
020 _a8126503173
082 _a004.68 SEI
100 _aSeifert, Rich
245 4 _aThe Switch Book: the complete guide to LAN switching technology
250 _aNA
260 _aNew Delhi:
_bNewWiley -dreamtech Press
_c,2002.
300 _axix,834p.
_bNA
_fPirated
500 _aIncludes Index
600 _aComputer Science
650 _aComputer science, information & general works
942 _cBK
999 _c7925
_d7925